000 00259nam a2200097Ia 4500
005 20250424112854.0
008 250424s9999 xx 000 0 und d
300 _a529 p. : ill. ; 24 cm
650 _aInvestments--Periodicals. Finance--Periodicals.
942 _cSR
999 _c37621
_d37621